Panorama de la industria y la cooperación económica del Japón 1992

Guardat en:
Dades bibliogràfiques
Format: Llibre
Idioma:espanyol
Publicat: Tokio Sociedad Latino-Americana 1992
Matèries:
Etiquetes: Afegir etiqueta
Sense etiquetes, Sigues el primer a etiquetar aquest registre!

MARC

LEADER 00000nam a2200000 a 4500
001 UCT5952
003 CL-VaPUC
008 961223e19920000JA |||||||||||||||||spa|d
082 0 4 |a 338.91  |b PAN  |2 21 
245 1 0 |a Panorama de la industria y la cooperación económica del Japón 1992 
300 |a 148 p 
942 |c BK 
945 |d 19961223 00:00:00  |a rleighto 
260 |a Tokio  |b Sociedad Latino-Americana  |c 1992 
650 7 |a INDUSTRIA  |2 CL-VaPUC  |9 315110 
650 0 |a COOPERACION ECONOMICA  |9 307939 
650 0 |a Desarrollo económico  |9 259599 
650 0 |a Condiciones económicas  |9 258255 
650 7 |a ECONOMIA INDUSTRIAL  |2 CL-VaPUC  |9 315314 
650 0 |a Economía internacional  |9 258254 
650 0 |a Industria pesquera  |9 255432 
650 7 |a INDUSTRIA SIDERURGICA  |2 CL-VaPUC  |9 264000 
650 7 |a INDUSTRIA PETROQUIMICA  |2 CL-VaPUC  |9 375592 
650 7 |a INDUSTRIA PAPELERA  |2 CL-VaPUC  |9 262993 
650 0 |a Industria textil   |9 359126 
650 7 |a RELACIONES ECONOMICAS  |2 CL-VaPUC  |9 373743 
651 0 |a Japón   |9 260391 
583 |a last modification  |c 19961223 00:00:00  |k Rodrigo Vera 
999 |c 254719  |d 254717 
952 |0 0  |1 0  |4 0  |6 338_910000000000000_PAN_1992  |7 0  |8 A  |9 276577  |a BIBGIM  |b BIBGIM  |d 2019-11-19  |i 326405K  |o 338.91 PAN 1992  |p 326405K  |r 2025-01-15  |w 2019-11-19  |y BK  |k ORI